International money laundering through real estate and agribusiness: a criminal justice perspective from the Panama papers

Salvato in:
Dettagli Bibliografici
Autore principale: Sanctis, Fausto Martin De (Autore)
Natura: Libro
Lingua:inglese
Pubblicazione: Zurich Springer 2017
Edizione:1a. ed
Soggetti:
Tags: Aggiungi Tag
Nessun Tag, puoi essere il primo ad aggiungerne!!

MARC

LEADER 00000cam a2200000 a 4500
001 UCC3716
003 CL-VaPUC
008 180531e20170000sz |||||||||||||||||eng|d
020 |a 9783319520681 
082 0 4 |a 345.024168  |b SAN  |2 21 
100 0 |a Sanctis, Fausto Martin De  |e author  |9 597814 
245 1 0 |a International money laundering through real estate and agribusiness: a criminal justice perspective from the Panama papers 
250 |a 1a. ed 
300 |a 143 p 
942 |c BK 
945 |d 20180531 16:15:00  |a arojas 
260 |a Zurich  |b Springer  |c 2017 
650 7 |a LAVADO DE DINERO  |2 CL-VaPUC  |9 418443 
650 0 |a Delitos económicos   |9 255899 
650 7 |a BLANQUEO DE CAPITALES  |2 CL-VaPUC  |9 597815 
583 |a last modification  |c 20180531 16:15:00  |k Rodrigo Vera 
999 |c 371407  |d 371405 
952 |0 0  |1 0  |3 erd  |4 0  |6 345_024168000000000_SAN_2017  |7 0  |8 A  |9 488400  |a BIBDER  |b BIBDER  |i 5473985  |o 345.024168 SAN 2017  |p 5473985  |r 2019-11-24  |w 2019-11-24  |y BK  |z Catalogado en:20180531  |k DER